[Event "Bayern-ch 95th"]
[Site "Rosenheim"]
[Date "2024.08.27"]
[Round "4"]
[White "Knoblauch, Leonhard"]
[Black "Gebhardt, Christian"]
[Result "1-0"]
[WhiteElo "2158"]
[BlackElo "1905"]
[PlyCount "121"]
[EventDate "2024.08.25"]
[EventType "swiss"]
[EventRounds "9"]
[EventCountry "GER"]
[SourceTitle "CBM 221 Extra"]
[Source "ChessBase"]
[SourceDate "2024.09.30"]
[SourceVersion "1"]
[SourceVersionDate "2024.09.30"]
[SourceQuality "1"]

1. e4 e6 2. d3 d5 3. Nd2 Nf6 4. Ngf3 Be7 5. g3 b6 6. e5 Nfd7 7. Bg2 c5 8. 0-0 Nc6 9. Re1 Qc7 10. Qe2 b5 11. a4 b4 12. c4 bxc3 13. bxc3 Rb8 14. c4 0-0 15. h4 dxc4 16. Nxc4 Ba6 17. Bf4 Rb4 18. h5 Bxc4 19. dxc4 Nb6 20. Nd2 Nd4 21. Qg4 Rd8 22. Rac1 Rxa4 23. Be4 Kh8 24. Bb1 Rb4 25. Ne4 Qc6 26. Bg5 Bxg5 27. Nxg5 Rd7 28. Be4 Qc7 29. Bxh7 Rxc4 30. Rxc4 Nxc4 31. Bd3 Nxe5 32. Qe4 Nf5 33. Qxe5 Qxe5 34. Rxe5 Rxd3 35. Rxc5 g6 36. Nxf7+ Kg7 37. Ng5 Rd1+ 38. Kg2 Re1 39. Rc7+ Kh6 40. Nf3 Re4 41. hxg6 a5 42. Nd2 Rb4 43. Nc4 a4 44. Ne5 Rb2 45. Kh3 Ng7 46. f4 a3 47. Rc8 Nf5 48. Rh8+ Kg7 49. Rh7+ Kg8 50. Ng4 Ng7 51. Nf6+ Kf8 52. Nd7+ Kg8 53. Nf6+ Kf8 54. Rh8+ Ke7 55. Ne4 a2 56. Ra8 Rc2 57. Ra7+ Kd8 58. Kg4 Nf5 59. Kg5 Nd4 60. g7 Nb3 61. g8Q# 1-0

[Event "Munich op-A 2nd"]
[Site "Munich"]
[Date "2024.06.02"]
[Round "9"]
[White "Dobrocmyslov, Artem"]
[Black "Knoblauch, Leonhard"]
[Result "1-0"]
[WhiteElo "2298"]
[BlackElo "2108"]
[PlyCount "53"]
[EventDate "2024.05.26"]
[EventType "swiss"]
[EventRounds "9"]
[EventCountry "GER"]
[SourceTitle "CBM 220 Extra"]
[Source "ChessBase"]
[SourceDate "2024.07.31"]
[SourceVersion "1"]
[SourceVersionDate "2024.07.31"]
[SourceQuality "1"]

1. d4 Nf6 2. c4 e6 3. Nc3 Bb4 4. e3 0-0 5. a3 Bxc3+ 6. bxc3 c5 7. Ne2 b6 8. Ng3 Qc7 9. e4 d6 10. Bg5 Nbd7 11. Bd3 h6 12. Be3 cxd4 13. cxd4 e5 14. f4 b5 15. 0-0 bxc4 16. fxe5 dxe5 17. Rc1 Nb6 18. Rxf6 gxf6 19. Qh5 Rd8 20. Qxh6 f5 21. Nh5 f6 22. Qg6+ Kf8 23. Qxf6+ Ke8 24. Ng7+ Qxg7 25. Qxg7 cxd3 26. Bg5 Rd7 27. Qg8# 1-0

[Event "Munich op-A 2nd"]
[Site "Munich"]
[Date "2024.05.30"]
[Round "6"]
[White "Knoblauch, Leonhard"]
[Black "Kolb, Tobias"]
[Result "0-1"]
[WhiteElo "2108"]
[BlackElo "2313"]
[PlyCount "56"]
[EventDate "2024.05.26"]
[EventType "swiss"]
[EventRounds "9"]
[EventCountry "GER"]
[SourceTitle "CBM 220 Extra"]
[Source "ChessBase"]
[SourceDate "2024.07.31"]
[SourceVersion "1"]
[SourceVersionDate "2024.07.31"]
[SourceQuality "1"]

1. c4 e6 2. g3 d5 3. b3 Nf6 4. Bb2 d4 5. Bg2 c5 6. e3 e5 7. Nf3 e4 8. Ng5 Bg4 9. Qc2 d3 10. Qc3 Qe7 11. Qe5 Qxe5 12. Bxe5 Nc6 13. Bc3 Bf5 14. Bxf6 gxf6 15. Nxe4 Nb4 16. Na3 0-0-0 17. Nc3 Be6 18. e4 f5 19. exf5 Bxf5 20. 0-0-0 Bg7 21. Nd5 Rhe8 22. Kb1 a6 23. Rde1 Kb8 24. f4 Re2 25. g4 Rxd2 26. gxf5 Rb2+ 27. Ka1 Rxa2+ 28. Kb1 Ra1# 0-1

[Event "Munich op-A 2nd"]
[Site "Munich"]
[Date "2024.05.29"]
[Round "4"]
[White "Knoblauch, Leonhard"]
[Black "Doluhanova, Evgeniya"]
[Result "0-1"]
[WhiteElo "2108"]
[BlackElo "2272"]
[PlyCount "126"]
[EventDate "2024.05.26"]
[EventType "swiss"]
[EventRounds "9"]
[EventCountry "GER"]
[SourceTitle "CBM 220 Extra"]
[Source "ChessBase"]
[SourceDate "2024.07.31"]
[SourceVersion "1"]
[SourceVersionDate "2024.07.31"]
[SourceQuality "1"]

1. c4 Nf6 2. g3 c6 3. Bg2 d5 4. b3 g6 5. Bb2 Bg7 6. Nf3 0-0 7. 0-0 Bf5 8. d3 Nbd7 9. Nbd2 Nc5 10. Qc2 Rc8 11. Rfd1 b5 12. Nh4 Bg4 13. d4 Nb7 14. h3 Be6 15. c5 Qd7 16. Kh2 g5 17. Nhf3 Bf5 18. Qc3 h6 19. Ne5 Qe6 20. a4 bxa4 21. Rxa4 a5 22. b4 axb4 23. Rxb4 Nd8 24. f3 Bh7 25. e4 Nd7 26. exd5 cxd5 27. Nxd7 Qxd7 28. Qe3 Nc6 29. Rb6 Rb8 30. Rxb8 Rxb8 31. Bc3 e5 32. dxe5 Bc2 33. e6 Qxe6 34. Qxe6 fxe6 35. Rc1 Ba4 36. Bxg7 Kxg7 37. f4 Rb2 38. Nf3 gxf4 39. gxf4 Bc2 40. Kg3 Be4 41. Ne1 Bxg2 42. Nxg2 Kf6 43. Ne3 h5 44. Kh4 Re2 45. Nf1 Re4 46. Kxh5 Rxf4 47. Ne3 d4 48. Ng4+ Kf5 49. Re1 e5 50. Nh6+ Ke6 51. Kg5 d3 52. h4 Nd4 53. Rd1 Nf3+ 54. Kg6 d2 55. h5 Rc4 56. Ng8 Rc1 57. Rxd2 Nxd2 58. h6 Rg1+ 59. Kh7 Ne4 60. c6 Ng5+ 61. Kg6 Nf7+ 62. Kh7 Rxg8 63. c7 Nxh6 0-1

[Event "Mittelfrank Regionalliga Sud-Ost 2122"]
[Site "Mittelfranken"]
[Date "2022.05.29"]
[Round "9.3"]
[White "Hammerl, Jonas"]
[Black "Knoblauch, Leonhard"]
[Result "1/2-1/2"]
[WhiteElo "1978"]
[BlackElo "2043"]
[PlyCount "142"]
[EventDate "2021.10.24"]
[EventType "team-tourn"]
[EventRounds "9"]
[EventCountry "GER"]
[SourceTitle "EXT 2024"]
[Source "ChessBase"]
[SourceDate "2023.10.10"]
[SourceVersion "1"]
[SourceVersionDate "2023.10.10"]
[SourceQuality "1"]
[WhiteTeam "Ergolding"]
[BlackTeam "Ilmmuenster"]
[WhiteTeamCountry "GER"]
[BlackTeamCountry "GER"]

1. e4 c5 2. Nf3 Nc6 3. d4 cxd4 4. Nxd4 Nf6 5. Nc3 e5 6. Ndb5 d6 7. Nd5 Nxd5 8. exd5 Nb8 9. c4 a6 10. Nc3 g6 11. Be2 Bg7 12. 0-0 0-0 13. Be3 f5 14. f3 Nd7 15. a4 Kh8 16. a5 Qe7 17. Rc1 g5 18. b4 Rg8 19. Re1 h5 20. Bf1 Bh6 21. Kh1 f4 22. Bg1 g4 23. c5 gxf3 24. Ne4 fxg2+ 25. Bxg2 dxc5 26. bxc5 Nf6 27. Nxf6 Qxf6 28. Qxh5 Rxg2 29. Kxg2 Bf5 30. Qf3 Rg8+ 31. Kh1 Re8 32. Re4 Qg6 33. Rce1 Bg4 34. Qc3 Qh5 35. Rf1 Bg7 36. c6 bxc6 37. dxc6 Qg6 38. Qc4 Be6 39. Qd3 Bf5 40. Rfe1 Qxc6 41. Qf3 Qg6 42. h3 Bd7 43. Kh2 Bc6 44. Bb6 Re7 45. Qe2 Qg3+ 46. Kh1 f3 47. Qf1 Rf7 48. Bf2 Qg2+ 49. Qxg2 fxg2+ 50. Kg1 Bxe4 51. Rxe4 Rd7 52. Kxg2 Kg8 53. Kf3 Kf7 54. Rc4 Ke6 55. Ke4 Bf6 56. h4 Bd8 57. Rc6+ Rd6 58. Rc5 Bf6 59. h5 Bg7 60. Be3 Kd7 61. Rc2 Bh6 62. Bb6 Bf4 63. Rc7+ Ke6 64. Bc5 Rd1 65. Rc6+ Kd7 66. Rxa6 Rh1 67. Bf2 Rxh5 68. Kd5 e4+ 69. Kxe4 Bc7 70. Ra7 Rxa5 71. Rxa5 Bxa5 1/2-1/2

[Event "Regionalliga Sued-Ost 1819"]
[Site "Bayern"]
[Date "2019.01.20"]
[Round "5.4"]
[White "Tunka, Philipp"]
[Black "Knoblauch, Leonhard"]
[Result "0-1"]
[WhiteElo "1956"]
[BlackElo "2051"]
[PlyCount "64"]
[EventDate "2018.10.21"]
[EventType "team-tourn"]
[EventRounds "9"]
[EventCountry "GER"]
[SourceTitle "EXT 2022"]
[Source "ChessBase"]
[SourceDate "2021.10.06"]
[SourceVersion "1"]
[SourceVersionDate "2021.10.06"]
[SourceQuality "1"]
[WhiteTeam "Groebenzell II"]
[BlackTeam "Ilmmuenster"]
[WhiteTeamCountry "GER"]
[BlackTeamCountry "GER"]

1. d4 e6 2. c4 Nf6 3. g3 c5 4. d5 exd5 5. cxd5 d6 6. Nc3 g6 7. Bg2 Bg7 8. Nf3 0-0 9. 0-0 Na6 10. Bf4 Re8 11. Nd2 Nh5 12. Be3 Nc7 13. a4 a6 14. Nc4 Rb8 15. a5 Nb5 16. Na4 f5 17. Bc1 f4 18. e3 fxg3 19. hxg3 Bf5 20. g4 Re4 21. Bxe4 Bxe4 22. f3 Qh4 23. Qe1 Ng3 24. Kg2 Bd3 25. Rh1 Qxh1+ 26. Qxh1 Nxh1 27. Nd2 Bh6 28. g5 Bxg5 29. f4 Bf6 30. Kxh1 Re8 31. Nb1 Nd4 32. Na3 Nb3 0-1

[Event "Regionalliga Sued-Ost 1718"]
[Site "Bayern"]
[Date "2017.11.12"]
[Round "2.4"]
[White "Knoblauch, Leonhard"]
[Black "Mueller, Michael3"]
[Result "1-0"]
[WhiteElo "2076"]
[BlackElo "2056"]
[PlyCount "23"]
[EventDate "2017.10.22"]
[EventType "team-tourn"]
[EventRounds "9"]
[EventCountry "GER"]
[SourceTitle "EXT 2022"]
[Source "ChessBase"]
[SourceDate "2021.10.06"]
[SourceVersion "1"]
[SourceVersionDate "2021.10.06"]
[SourceQuality "1"]
[WhiteTeam "Ilmmuenster"]
[BlackTeam "Bayerwald Regen/Zwiesel"]
[WhiteTeamCountry "GER"]
[BlackTeamCountry "GER"]

1. d4 d6 2. Nf3 Nf6 3. Bf4 Nh5 4. Bg5 h6 5. Bh4 g5 6. Bg3 f5 7. e3 Bg7 8. Bc4 Nc6 9. Ne5 Nxg3 10. Nf7 Nxh1 11. Qh5 Qd7 12. Ne5+ 1-0

[Event "Karlsruhe Grenke op"]
[Site "Karlsruhe"]
[Date "2017.04.13"]
[Round "1"]
[White "Fedoseev, Vladimir1"]
[Black "Knoblauch, Leonhard"]
[Result "1-0"]
[WhiteElo "2684"]
[BlackElo "2148"]
[PlyCount "49"]
[EventDate "2017.04.13"]
[EventType "swiss"]
[EventRounds "9"]
[EventCountry "GER"]
[SourceTitle "CBM 177 Extra"]
[Source "ChessBase"]
[SourceDate "2017.04.27"]
[SourceVersion "1"]
[SourceVersionDate "2017.04.27"]
[SourceQuality "1"]

1. d4 Nf6 2. c4 e6 3. Nc3 Bb4 4. Nf3 0-0 5. Bf4 Ne4 6. Qc2 f5 7. g3 c5 8. Bg2 Qa5 9. 0-0 Nxc3 10. a3 Ne4 11. axb4 Qxb4 12. d5 Qb6 13. Rfd1 Na6 14. d6 Nb4 15. Qb3 Qd8 16. Nd2 Nxd2 17. Rxd2 Qb6 18. e4 a5 19. Be5 a4 20. Qc3 g6 21. Bh8 Rf7 22. exf5 gxf5 23. Bf3 h6 24. Bh5 Rh7 25. Qf6 1-0

[Event "Bayern-ch"]
[Site "Bad Griesbach"]
[Date "2016.08.24"]
[Round "6"]
[White "Knoblauch, Leonhard"]
[Black "Schulz, Lukas"]
[Result "1/2-1/2"]
[WhiteElo "2174"]
[BlackElo "2136"]
[PlyCount "80"]
[EventDate "2016.08.21"]
[EventType "swiss"]
[EventRounds "9"]
[EventCountry "GER"]
[SourceTitle "EXT 2022"]
[Source "ChessBase"]
[SourceDate "2021.10.06"]
[SourceVersion "1"]
[SourceVersionDate "2021.10.06"]
[SourceQuality "1"]

1. d4 Nf6 2. Nf3 g6 3. c4 Bg7 4. Nc3 0-0 5. Bg5 c5 6. d5 a6 7. a4 d6 8. Qc2 Qa5 9. Nd2 b5 10. e3 b4 11. Nce4 Bf5 12. Bxf6 exf6 13. Rd1 Nd7 14. b3 Rae8 15. Bd3 Ne5 16. 0-0 Nxd3 17. Qxd3 Qc7 18. f3 Qe7 19. Rfe1 Bc8 20. g3 h5 21. Kg2 Bh6 22. Re2 f5 23. Nf2 f4 24. gxf4 Bxf4 25. Rde1 Bh6 26. f4 Bf5 27. e4 Bc8 28. Qg3 h4 29. Qf3 Qf6 30. e5 Qxf4 31. Qxf4 Bxf4 32. exd6 Rxe2 33. Rxe2 f5 34. Nf3 Bxd6 35. Nxh4 Kg7 36. Nf3 Kf6 37. h4 Bd7 38. Nd3 Re8 39. Rxe8 Bxe8 40. Ng5 Bd7 1/2-1/2

[Event "Regionalliga SO 1516"]
[Site "Bayern"]
[Date "2015.10.11"]
[Round "1.1"]
[White "Kleibel, Uwe"]
[Black "Knoblauch, Leonhard"]
[Result "1/2-1/2"]
[WhiteElo "2192"]
[BlackElo "2170"]
[PlyCount "53"]
[EventDate "2015.10.11"]
[EventType "team-tourn"]
[EventRounds "9"]
[EventCountry "GER"]
[SourceTitle "EXT 2018"]
[Source "ChessBase"]
[SourceDate "2017.10.13"]
[SourceVersion "1"]
[SourceVersionDate "2017.10.13"]
[SourceQuality "1"]
[WhiteTeam "Roehrnbach"]
[BlackTeam "Ilmmuenster"]
[WhiteTeamCountry "GER"]
[BlackTeamCountry "GER"]

1. e4 c6 2. d3 d5 3. Nd2 e5 4. Ngf3 Bd6 5. g3 Nf6 6. Bg2 0-0 7. 0-0 Qc7 8. b3 a5 9. a3 Rd8 10. Bb2 dxe4 11. dxe4 b5 12. Qe2 Ba6 13. Nh4 Nbd7 14. Nf5 Bf8 15. f4 g6 16. Ne3 Bg7 17. Rad1 exf4 18. gxf4 Nxe4 19. Bxg7 Nxd2 20. Qxd2 Kxg7 21. Qc3+ f6 22. Qxc6 Qa7 23. Rxd7+ Rxd7 24. Qxa8 Qxe3+ 25. Kh1 Qb6 26. Re1 Bb7 27. Bxb7 1/2-1/2

[Event "Nittenau-ch op 15th"]
[Site "Nittenau"]
[Date "2015.09.20"]
[Round "4"]
[White "Knoblauch, Leonhard"]
[Black "Dornauer, Joachim"]
[Result "1-0"]
[WhiteElo "2177"]
[BlackElo "2168"]
[PlyCount "59"]
[EventDate "2015.09.18"]
[EventType "swiss"]
[EventRounds "5"]
[EventCountry "GER"]
[SourceTitle "EXT 2017"]
[Source "ChessBase"]
[SourceDate "2016.10.25"]
[SourceVersion "1"]
[SourceVersionDate "2016.10.25"]
[SourceQuality "1"]

1. d4 d5 2. c4 e6 3. Nc3 Nf6 4. cxd5 exd5 5. Bg5 Be7 6. e3 0-0 7. Bd3 Nbd7 8. Nge2 Re8 9. 0-0 c6 10. Qc2 h6 11. Bh4 Nh5 12. Bxe7 Qxe7 13. Rab1 Nb6 14. b4 Bd7 15. a4 Nc8 16. b5 Nf6 17. bxc6 Bxc6 18. Qb3 Qd7 19. Bb5 Ne7 20. Rfc1 Qd6 21. Nf4 Ne4 22. Nxe4 dxe4 23. Bc4 Qf6 24. d5 Bd7 25. d6 g5 26. Nh5 Qg6 27. Bxf7+ Qxf7 28. Nf6+ Kg7 29. Nxe8+ Qxe8 30. dxe7 1-0

[Event "Pyramiden Franken Cup"]
[Site "Fuerth"]
[Date "2015.09.06"]
[Round "6"]
[White "Schunk, Eduard"]
[Black "Knoblauch, Leonhard"]
[Result "1-0"]
[WhiteElo "2319"]
[BlackElo "2177"]
[PlyCount "83"]
[EventDate "2015.09.03"]
[EventType "swiss"]
[EventRounds "7"]
[EventCountry "GER"]
[SourceTitle "EXT 2016"]
[Source "ChessBase"]
[SourceDate "2015.10.08"]
[SourceVersion "1"]
[SourceVersionDate "2015.10.08"]
[SourceQuality "1"]

1. e4 c6 2. d3 d5 3. Nd2 e5 4. Ngf3 Bd6 5. g3 Nf6 6. Bg2 0-0 7. 0-0 Qc7 8. h3 dxe4 9. dxe4 Rd8 10. Nh4 b6 11. Qf3 Nbd7 12. Nf5 Bf8 13. Nb3 a5 14. a4 Re8 15. Bg5 Re6 16. Rfd1 h6 17. Be3 Kh7 18. g4 g6 19. Ng3 Ba6 20. h4 Nc5 21. Nxc5 Bxc5 22. Bxc5 bxc5 23. g5 hxg5 24. hxg5 Ne8 25. Bh3 Rd6 26. Rxd6 Nxd6 27. Kg2 Qe7 28. Qg4 Kg7 29. Qd7 Qxd7 30. Bxd7 Bb7 31. Rd1 Nc4 32. b3 Nb6 33. Bg4 Kf8 34. Ne2 Ke7 35. Nc1 Bc8 36. Bxc8 Rxc8 37. Kf3 Rh8 38. Nd3 Nd7 39. Nb2 Rh4 40. Nc4 Rf4+ 41. Ke3 Rg4 42. Rxd7+ 1-0

[Event "Pyramiden Franken Cup"]
[Site "Fuerth"]
[Date "2015.09.04"]
[Round "3"]
[White "Knoblauch, Leonhard"]
[Black "Troyke, Christian"]
[Result "0-1"]
[WhiteElo "2177"]
[BlackElo "2344"]
[PlyCount "88"]
[EventDate "2015.09.03"]
[EventType "swiss"]
[EventRounds "7"]
[EventCountry "GER"]
[SourceTitle "EXT 2016"]
[Source "ChessBase"]
[SourceDate "2015.10.08"]
[SourceVersion "1"]
[SourceVersionDate "2015.10.08"]
[SourceQuality "1"]

1. e4 c5 2. Nf3 Nc6 3. d4 cxd4 4. Nxd4 e5 5. Nb5 d6 6. N1c3 a6 7. Na3 b5 8. Nd5 Nce7 9. c4 Nxd5 10. exd5 bxc4 11. Nxc4 Nf6 12. Be2 Be7 13. Be3 Rb8 14. 0-0 0-0 15. a4 Nd7 16. Bd2 Nc5 17. b4 Ne4 18. Na5 Nxd2 19. Nc6 Nxf1 20. Nxd8 Bxd8 21. Qxf1 Rxb4 22. Bxa6 Bb6 23. a5 Bd4 24. Rc1 Bf5 25. Bd3 e4 26. Rc4 Rfb8 27. Bc2 g6 28. h3 h5 29. Qe2 Rxc4 30. Qxc4 Bc5 31. Kf1 Rb4 32. Qc3 Bc8 33. g4 hxg4 34. hxg4 Ba6+ 35. Kg2 Rc4 36. Qd2 Rd4 37. Qc3 Bc4 38. Bb3 Bxb3 39. Qxb3 Rd2 40. a6 Rxf2+ 41. Kh1 e3 42. Qb8+ Kh7 43. a7 e2 44. Qe8 Bxa7 0-1

[Event "Pyramiden Franken Cup"]
[Site "Fuerth"]
[Date "2015.09.03"]
[Round "1"]
[White "Knoblauch, Leonhard"]
[Black "Gerl, Hans Peter"]
[Result "1-0"]
[WhiteElo "2177"]
[BlackElo "1968"]
[PlyCount "67"]
[EventDate "2015.09.03"]
[EventType "swiss"]
[EventRounds "7"]
[EventCountry "GER"]
[SourceTitle "EXT 2016"]
[Source "ChessBase"]
[SourceDate "2015.10.08"]
[SourceVersion "1"]
[SourceVersionDate "2015.10.08"]
[SourceQuality "1"]

1. e4 c5 2. Nf3 d6 3. d4 cxd4 4. Nxd4 Nf6 5. Nc3 a6 6. Bg5 e6 7. f4 Be7 8. Qf3 Nbd7 9. 0-0-0 Qc7 10. g4 b5 11. Bxf6 Nxf6 12. g5 Nd7 13. f5 Bxg5+ 14. Kb1 Ne5 15. Qh5 Bf6 16. Nxe6 Bxe6 17. fxe6 g6 18. Nd5 Qd8 19. exf7+ Nxf7 20. Qf3 Bg7 21. h4 0-0 22. h5 Ne5 23. Qb3 Kh8 24. hxg6 Nxg6 25. Bh3 Nh4 26. Bg4 h6 27. Qh3 Ng6 28. Bf5 Ne7 29. Rdg1 Ng8 30. Qg4 Ra7 31. Qg6 Rxf5 32. exf5 Qf8 33. f6 Nxf6 34. Nxf6 1-0

[Event "Bayern-ch"]
[Site "Rosenheim"]
[Date "2015.08.27"]
[Round "8"]
[White "Knoblauch, Leonhard"]
[Black "Liepold, Stefan"]
[Result "0-1"]
[WhiteElo "2136"]
[BlackElo "2252"]
[PlyCount "46"]
[EventDate "2015.08.22"]
[EventType "swiss"]
[EventRounds "9"]
[EventCountry "GER"]
[SourceTitle "EXT 2019"]
[Source "ChessBase"]
[SourceDate "2018.10.10"]
[SourceVersion "1"]
[SourceVersionDate "2018.10.10"]
[SourceQuality "1"]

1. e4 e6 2. d4 d5 3. Nc3 Nf6 4. e5 Nfd7 5. f4 c5 6. Nf3 Nc6 7. Be3 cxd4 8. Nxd4 Bc5 9. Qd2 0-0 10. 0-0-0 a6 11. Qf2 Qc7 12. Bd3 Nxd4 13. Bxd4 Bxd4 14. Qxd4 b5 15. Rhe1 Qc5 16. Ne2 b4 17. f5 Qxd4 18. Nxd4 Nc5 19. Re3 exf5 20. Bxf5 g6 21. Bxc8 Raxc8 22. e6 fxe6 23. Rde1 Rf2 0-1

[Event "Bayern-ch"]
[Site "Rosenheim"]
[Date "2015.08.22"]
[Round "1"]
[White "Prediger, Rupert"]
[Black "Knoblauch, Leonhard"]
[Result "0-1"]
[WhiteElo "2279"]
[BlackElo "2136"]
[PlyCount "94"]
[EventDate "2015.08.22"]
[EventType "swiss"]
[EventRounds "9"]
[EventCountry "GER"]
[SourceTitle "EXT 2019"]
[Source "ChessBase"]
[SourceDate "2018.10.10"]
[SourceVersion "1"]
[SourceVersionDate "2018.10.10"]
[SourceQuality "1"]

1. e4 c6 2. d4 d5 3. exd5 cxd5 4. c4 Nf6 5. Nc3 Nc6 6. Bg5 dxc4 7. Bxc4 a6 8. d5 Ne5 9. Be2 h6 10. Bxf6 exf6 11. Nf3 Bf5 12. Nd4 Bd7 13. 0-0 Be7 14. f4 Qb6 15. Kh1 Ng6 16. Qd3 0-0 17. Bh5 f5 18. Rae1 Bf6 19. Nxf5 Bxf5 20. Qxf5 Qxb2 21. Ne4 Qxg2+ 22. Kxg2 Nh4+ 23. Kh3 Nxf5 24. Nxf6+ gxf6 25. Rg1+ Kh8 26. Bg4 Nd6 27. Re7 Rad8 28. Rc1 Rfe8 29. Rcc7 Rxe7 30. Rxe7 f5 31. Bd1 Kg7 32. Bb3 b5 33. Ra7 Nc4 34. Rxa6 Rxd5 35. Ra7 Rd3+ 36. Kg2 Kg6 37. Rb7 Nd6 38. Rd7 Kh5 39. h3 Kh4 40. Rd8 Rg3+ 41. Kf1 Ne4 42. Rh8 Kxh3 43. Rxh6+ Kg4 44. Bxf7 Kxf4 45. Rb6 Ke3 46. Rg6 f4 47. Re6 f3 0-1

[Event "Augsburg op"]
[Site "Augsburg"]
[Date "2013.12.29"]
[Round "6"]
[White "Knoblauch, Leonhard"]
[Black "Lavrinenkov, Vadim"]
[Result "1-0"]
[WhiteElo "2114"]
[BlackElo "2120"]
[PlyCount "137"]
[EventDate "2013.12.27"]
[EventType "swiss"]
[EventRounds "7"]
[EventCountry "GER"]
[SourceTitle "CBM 158 Extra"]
[Source "ChessBase"]
[SourceDate "2014.02.28"]
[SourceVersion "1"]
[SourceVersionDate "2014.02.28"]
[SourceQuality "1"]

1. d4 Nf6 2. c4 e6 3. Nc3 Bb4 4. e3 b6 5. Nge2 Bb7 6. a3 Be7 7. Nf4 d5 8. Qf3 0-0 9. cxd5 exd5 10. Bd3 Re8 11. 0-0 Bf8 12. Bc2 a5 13. Bb3 c6 14. Bd2 Nbd7 15. Rac1 Rc8 16. Rfd1 g6 17. h4 Bg7 18. h5 Nf8 19. hxg6 hxg6 20. Nd3 Ne6 21. Ne5 c5 22. Nb5 cxd4 23. Rxc8 Bxc8 24. Nc6 Qd7 25. Ncxd4 Nc5 26. Ba2 Nfe4 27. Nc3 Re5 28. b4 axb4 29. axb4 Nxc3 30. Bxc3 Ne4 31. Ba1 Qa4 32. Bb3 Qd7 33. b5 Rh5 34. Nc6 Bxa1 35. Rxa1 Rf5 36. Ra7 Bb7 37. Qh3 Nxf2 38. Qh4 g5 39. Qg3 Ne4 40. Qb8+ Kh7 41. Nd4 Rf2 42. Bd1 Qe7 43. Rxb7 Qb4 44. Qh2+ Kg7 45. Qe5+ Kh7 46. Qxe4+ dxe4 47. Kxf2 Qd2+ 48. Be2 g4 49. g3 Qc1 50. Rxf7+ Kh6 51. Rf6+ Kh7 52. Rxb6 Qh1 53. Bf1 Qh5 54. Rf6 Qd5 55. Rf4 Kg7 56. Rxg4+ Kf6 57. Rf4+ Kg6 58. Bg2 Qa2+ 59. Ne2 Qb2 60. Bxe4+ Kg7 61. Bc6 Qb1 62. Be4 Qb2 63. Bd3 Qb3 64. Rd4 Kf6 65. Nf4 Qb2+ 66. Be2 Ke5 67. Rd5+ Ke4 68. Rd4+ Ke5 69. Nd3+ 1-0

[Event "Augsburg op"]
[Site "Augsburg"]
[Date "2013.12.27"]
[Round "2"]
[White "Knoblauch, Leonhard"]
[Black "Koelbl, Wolfgang"]
[Result "1-0"]
[WhiteElo "2114"]
[BlackElo "1892"]
[PlyCount "95"]
[EventDate "2013.12.27"]
[EventType "swiss"]
[EventRounds "7"]
[EventCountry "GER"]
[SourceTitle "CBM 158 Extra"]
[Source "ChessBase"]
[SourceDate "2014.02.28"]
[SourceVersion "1"]
[SourceVersionDate "2014.02.28"]
[SourceQuality "1"]

1. d4 d5 2. c4 e6 3. Nc3 f5 4. Nh3 Nf6 5. Bg5 c6 6. e3 Bd6 7. Bd3 0-0 8. Qc2 h6 9. Bf4 Ne4 10. 0-0-0 Bxf4 11. Nxf4 Qa5 12. Bxe4 fxe4 13. f3 Na6 14. fxe4 dxc4 15. a3 b5 16. Ng6 Re8 17. Ne5 Bb7 18. Rhf1 b4 19. Nxc4 Qg5 20. axb4 Nxb4 21. h4 Nxc2 22. hxg5 Ba6 23. Kxc2 Bxc4 24. Rf2 hxg5 25. b3 Ba6 26. Ra1 Bb7 27. Ra5 g4 28. Rg5 Re7 29. Na4 Rae8 30. e5 c5 31. Nxc5 Bd5 32. Rxg4 Rb8 33. e4 Bc6 34. Rf6 Bd7 35. Nxd7 Rxd7 36. Rxe6 Rxd4 37. Re7 Rc8+ 38. Kb2 Kh8 39. Rexg7 Rxe4 40. Rxe4 Kxg7 41. e6 Kf8 42. e7+ Ke8 43. g4 Rc5 44. Ka3 Rd5 45. Kb4 a5+ 46. Kc4 Rg5 47. b4 a4 48. b5 1-0

[Event "Seebach op 23rd"]
[Site "Grossenseebach"]
[Date "2012.06.09"]
[Round "6"]
[White "Dreiseitel, Werner"]
[Black "Knoblauch, Leonhard"]
[Result "0-1"]
[WhiteElo "1519"]
[BlackElo "2060"]
[PlyCount "66"]
[EventDate "2012.06.07"]
[EventType "swiss"]
[EventRounds "7"]
[EventCountry "GER"]
[SourceTitle "EXT 2013"]
[Source "ChessBase"]
[SourceDate "2012.11.22"]
[SourceVersion "1"]
[SourceVersionDate "2012.11.22"]
[SourceQuality "1"]

1. d4 Nf6 2. c4 e6 3. Nc3 c5 4. d5 exd5 5. cxd5 Bd6 6. e4 0-0 7. Bd3 Re8 8. Nge2 Bc7 9. Bf4 d6 10. 0-0 a6 11. a4 Nbd7 12. h3 Rb8 13. Ng3 Ne5 14. Be2 Bd7 15. Qc2 b5 16. axb5 axb5 17. b3 Qe7 18. Ra7 Bb6 19. Ra6 b4 20. Na4 Ng6 21. Be3 Bxa4 22. Rxa4 Nxe4 23. Nxe4 Qxe4 24. Qxe4 Rxe4 25. Bc4 Bd8 26. Rfa1 Bf6 27. R1a2 Ree8 28. Ra7 Ne5 29. Bb5 Rxb5 30. R2a6 c4 31. bxc4 Nxc4 32. Bf4 b3 33. Bxd6 b2 0-1